| 000 | 00491nam a2200229Ia 4500 | ||
|---|---|---|---|
| 003 | IT-RoPAU | ||
| 008 | 120407s9999 xx 000 0 und d | ||
| 040 | _aIT-RoPAU | ||
| 040 | _cIT-RoPAU | ||
| 041 | _aita | ||
| 100 | _aAdrienne von Speyr | ||
| 245 | _aL’ancella del Signore . Maria. | ||
| 250 | _aMilano | ||
| 260 | _aJaca Book | ||
| 260 | _c1986 | ||
| 300 | _a178 p. | ||
| 300 | _c23 cm | ||
| 490 | _aGià e non ancora | ||
| 490 | _v131 | ||
| 942 | _cBK | ||
| 999 |
_c27337 _d27337 |
||